[Event "MK Cafe Cup-B"]
[Site "Koszalin"]
[Date "1999.08.06"]
[Round "4"]
[White "Kaczorowska, Barbara"]
[Black "Tirard, Hugo"]
[Result "0-1"]
[WhiteElo "2210"]
[BlackElo "2331"]
[PlyCount "80"]
[EventDate "1999.08.03"]
[EventType "swiss"]
[EventRounds "10"]
[EventCountry "POL"]
[SourceTitle "EXT 2000"]
[Source "ChessBase"]
[SourceDate "1999.11.16"]
[SourceVersion "1"]
[SourceVersionDate "1999.11.16"]
[SourceQuality "1"]

1. d4 Nf6 2. Nf3 g6 3. c4 Bg7 4. g3 0-0 5. Bg2 d6 6. Nc3 Nc6 7. 0-0 Rb8 8. h3 a6 9. e4 b5 10. e5 Nd7 11. cxb5 axb5 12. Ng5 Nxd4 13. Qxd4 Nxe5 14. Qh4 h6 15. Nf3 Nxf3+ 16. Bxf3 e6 17. Qb4 c5 18. Qb3 b4 19. Ne4 c4 20. Qxc4 d5 21. Qb3 dxe4 22. Bxe4 Qa5 23. Rd1 Rd8 24. Be3 Bd7 25. Rab1 Kh7 26. Qc2 Qxa2 27. Qc7 f5 28. Rxd7 Rxd7 29. Qxd7 fxe4 30. Rd1 e5 31. Rd6 Ra8 32. Bxh6 Kxh6 33. Qg4 Kh7 34. Qxg6+ Kh8 35. Rd7 Qg8 36. Qh5+ Qh7 37. Qg4 Rf8 38. Rb7 e3 39. f4 exf4 40. gxf4 e2 0-1

[Event "Warsaw Entropia CC-ch"]
[Site "Warsaw"]
[Date "1999.??.??"]
[Round "?"]
[White "Kaczorowska, Barbara"]
[Black "Grzelak, Artur"]
[Result "1-0"]
[WhiteElo "2208"]
[BlackElo "2266"]
[PlyCount "71"]
[EventDate "1999.??.??"]
[EventType "tourn"]
[EventRounds "11"]
[EventCountry "POL"]
[SourceTitle "EXT 2003"]
[Source "ChessBase"]
[SourceDate "2002.11.25"]
[SourceVersion "1"]
[SourceVersionDate "2002.11.25"]
[SourceQuality "1"]

1. d4 d5 2. Nf3 Nf6 3. c4 dxc4 4. Nc3 a6 5. a4 Nc6 6. e3 Na5 7. Ne5 Be6 8. g4 Nd7 9. Nxd7 Qxd7 10. Be2 f6 11. Rb1 Bf7 12. Ne4 e5 13. Bd2 Nc6 14. dxe5 Nxe5 15. 0-0 0-0-0 16. f4 Nxg4 17. Bxg4 f5 18. Bh3 Kb8 19. Ng5 Bc5 20. Nxf7 Qxf7 21. Qc2 Rhe8 22. Rbe1 Rd3 23. Bc1 g6 24. Rf3 Qd5 25. Bg2 Bb4 26. Rff1 Qe6 27. Re2 Bc5 28. Kh1 Red8 29. e4 fxe4 30. Rxe4 Qg4 31. Rxc4 Bb6 32. f5 Qh5 33. f6 Rd1 34. Rcf4 Rxf1+ 35. Rxf1 c6 36. Bf4+ 1-0

[Event "Warsaw Entropia CC-ch"]
[Site "Warsaw"]
[Date "1999.??.??"]
[Round "?"]
[White "Olejarczyk, Bogdan"]
[Black "Kaczorowska, Barbara"]
[Result "1-0"]
[WhiteElo "2151"]
[BlackElo "2208"]
[PlyCount "47"]
[EventDate "1999.??.??"]
[EventType "tourn"]
[EventRounds "11"]
[EventCountry "POL"]
[SourceTitle "EXT 2003"]
[Source "ChessBase"]
[SourceDate "2002.11.25"]
[SourceVersion "1"]
[SourceVersionDate "2002.11.25"]
[SourceQuality "1"]

1. e4 c5 2. Nf3 Nc6 3. d4 cxd4 4. Nxd4 Nf6 5. Nc3 e6 6. Be2 Bb4 7. Bf3 d5 8. exd5 Nxd5 9. Nde2 Ne5 10. Bxd5 exd5 11. Qd4 Bd6 12. Bf4 f6 13. Qxd5 Qe7 14. 0-0-0 Bb8 15. Rhe1 Be6 16. Qb5+ Kf7 17. Nd4 a6 18. Qb6 Bc4 19. Nf5 Bc7 20. Qd4 Qe6 21. Bxe5 fxe5 22. Qd7+ Kf6 23. Qxc7 Kxf5 24. g4+ 1-0

[Event "POL-ch U26"]
[Site "Warsaw"]
[Date "1999.??.??"]
[Round "?"]
[White "Olenderek, Tomasz"]
[Black "Kaczorowska, Barbara"]
[Result "1-0"]
[WhiteElo "2224"]
[BlackElo "2208"]
[PlyCount "47"]
[EventDate "1999.??.??"]
[EventType "swiss"]
[EventRounds "9"]
[EventCountry "POL"]
[SourceTitle "EXT 2002"]
[Source "ChessBase"]
[SourceDate "2001.11.25"]
[SourceVersion "1"]
[SourceVersionDate "2001.11.25"]
[SourceQuality "1"]

1. d4 Nf6 2. c4 g6 3. Nc3 Bg7 4. e4 d6 5. f3 c6 6. Be3 Nbd7 7. Nh3 a6 8. Nf2 b5 9. a3 0-0 10. Be2 bxc4 11. Bxc4 d5 12. Ba2 dxe4 13. fxe4 e5 14. 0-0 exd4 15. Bxd4 Qe7 16. b4 c5 17. bxc5 Nxc5 18. e5 Nfd7 19. Nd5 Qg5 20. Nh3 Qd8 21. Nf6+ Bxf6 22. exf6 Ne6 23. Bxe6 fxe6 24. f7+ 1-0

[Event "POL-ch U26"]
[Site "Warsaw"]
[Date "1999.??.??"]
[Round "?"]
[White "Pekacki, Stanislaw"]
[Black "Kaczorowska, Barbara"]
[Result "1-0"]
[WhiteElo "2075"]
[BlackElo "2208"]
[PlyCount "77"]
[EventDate "1999.??.??"]
[EventType "swiss"]
[EventRounds "9"]
[EventCountry "POL"]
[SourceTitle "EXT 2002"]
[Source "ChessBase"]
[SourceDate "2001.11.25"]
[SourceVersion "1"]
[SourceVersionDate "2001.11.25"]
[SourceQuality "1"]

1. e4 c5 2. Nf3 e6 3. d4 cxd4 4. Nxd4 Nf6 5. Nc3 d6 6. Bc4 Be7 7. Bb3 Nc6 8. Be3 0-0 9. Qe2 a6 10. 0-0-0 Qc7 11. Rhg1 b5 12. Nxc6 Qxc6 13. f3 Bd7 14. g4 Rfc8 15. g5 Ne8 16. h4 a5 17. a4 bxa4 18. Nxa4 Rcb8 19. Kb1 Rb4 20. Rd4 Bd8 21. Rgd1 Qb7 22. Nc5 Qc8 23. Nxd7 Qxd7 24. Rxb4 axb4 25. Qc4 Qb7 26. h5 g6 27. hxg6 hxg6 28. f4 Bb6 29. Bd2 Qc8 30. c3 Nc7 31. f5 d5 32. exd5 exf5 33. Qh4 Bg1 34. Qg3 Bf2 35. Qh2 Ne8 36. Rh1 Kf8 37. d6 Nxd6 38. Qxd6+ Kg8 39. Qh2 1-0